One Piece - Personnages (épithètes) - Statistiques

Statistiques générales
  • Ce quiz a été pris 1 079 fois
  • Le résultat moyen est 71 sur 198
Statistiques - réponses
Epithètes Réponse % Correct
... au Chapeau de Paille Monkey D Luffy
100%
Le Cyborg Franky
98%
Le Roux Shanks
98%
Le Roi des Pirates Gol D Roger
97%
Le Chasseur de Pirates Roronoa Zoro
96%
Le Clown Baggy
95%
Soul King Brook
93%
La Jambe Noire Vinsmoke Sanji
92%
Le Paladin des Mers Jinbei
88%
Le Seigneur des Ténèbres Silvers Rayleigh
88%
L'Enfant Démon Nico Robin
87%
Sniperking Usopp
87%
... aux Poings Ardents Portgas D Ace
86%
Barbe Noire Marshall D Teach
85%
Le Chirurgien de la Mort Trafalgar D Water Law
80%
L'Amoureux des Barbe à Papa Tony Tony Chopper
79%
Dieu Ener
78%
... Le Phénix Marco
78%
Le Chaton Chapardeur Nami
78%
Le plus Grand Escrimeur du Monde Dracule Mihawk
77%
L'Homme le Plus Fort du Monde Edward Newgate
77%
Big Mom Charlotte Linlin
75%
La Plus Puissante Créature du Monde Kaido
75%
Héros de la Marine Monkey D Garp
74%
L'Impératrice Pirate Boa Hancock
73%
... Captain ... Eustass Captain Kid
71%
... le Bouddha Sengoku
71%
La Gloutonne Jewelry Bonney
70%
Le Moine Fou Urouge
70%
Démon Céleste Don Quichotte Doflamingo
68%
La Princesse Fantôme Perona
67%
... L'Incendie Alber
66%
Le Tyran Bartholomew Kuma
66%
... la Pandémie Queen
66%
Diamond ... Joz
65%
Aokiji Kuzan
65%
Le Samouraï Légendaire Ryuma
65%
... à La Massue Alvida
64%
... La Hyène Bellamy
64%
L'Hypnotiseur Jango
64%
Le Lion Doré Shiki
64%
... la Sécheresse Jack
63%
Miss Wednesday Nefertari Vivi
63%
Le Magnifique Capitaine Pirate Cavendish
62%
La Femme-Neige Monet
60%
... le Hacheur Morgan
60%
... à la Lame Fleurie Vista
60%
... Gang ... Capone Gang Bege
59%
L'Homme le Plus Dangereux Du Monde Monkey D Dragon
58%
Kizaru Borsalino
57%
... de la Pluie Shiliew
57%
Le Magicien Basil Hawkins
56%
Le Massacreur Killer
56%
Pattes de Velours Kuro
56%
Corazon Rossinante
56%
... le Chasseur Blanc Smoker
56%
Sir ... Crocodile
55%
Barbe Blanche Jr Edward Weevil
55%
Akainu Sakazuki
55%
Mr.3 Galdino
54%
Le Renard Argenté Foxy
53%
... le Renard de Feu Kinemon
53%
Violette Riku Viola
53%
Aux Six Lames Octy
52%
... La Scie Arlong
50%
Le Cannibale Bartolomeo
49%
Le Champion Jesus Burgess
49%
Princesse Sirène Shiraoshi
49%
Le Démon Enragé Gin
48%
La Marée Rugissante Scratchmen Apoo
46%
Le Pavillon Rouge X Drake
45%
... aux Pieds Rouges Zeff
45%
Fujitora Issho
44%
... le Faucon Pell
43%
Doctorine Kureha
42%
Le Transporteur de Continents Oz
42%
La Chasseuse du Croissant de Lune Catarina Devon
40%
... Le Perfide Don Krieg
40%
Poison Pink Vinsmoke Reiju
40%
... la Cage Noire Hina
39%
... aux Cheveux Mouillés Caribou
38%
... le Roi des Menteurs Montblanc Norland
38%
Big News Morgans
38%
L'Acrobate Cabaji
37%
L'Ange Démoniaque Laffitte
37%
Le Dresseur de Fauve Morge
37%
Le Faiseur de Miracles Emporio Ivankov
36%
Le Roi du Crépuscule Nekomamushi
36%
La Grande Tacticienne Tsuru
36%
Electric Blue Vinsmoke Niji
36%
Le Démon Rouge Brogy
35%
Le Démon Bleu Dorry
35%
Le Faucheur Sinistre Doc Q
34%
Le Roi de l'Aurore Inuarashi
34%
L'Homme au Bouclier d'Acier Pearl
34%
Sparking Red Vinsmoke Ichiji
34%
Winch Green Vinsmoke Yonji
33%
Le Navire de Guerre Colossale Sanjuan Wolf
32%
Mr 2 Bon Clay Bentham
31%
Dieu de la Mer Neptune
31%
Le Démon au Bambou Vergo
31%
... le Chacal Chaka
30%
Aux Trois Langues Demalo Black
30%
Le Sacré Ivre Vasco Shot
30%
Le Roi Corrompu Avalo Pizarro
29%
Lord Wapol
29%
Komurasaki Kozuki Hiyori
28%
Master César Clown
27%
... de la Brume Raizo
27%
Le Supersonique Van Augur
27%
... aux Poings d'Aciers Fullbody
26%
La Femme Invaincue Rebecca
26%
... aux Mille Bras Charlotte Cracker
25%
Le Chevalier des Cieux Gan Forr
25%
La Douche du Soir Kanjuro
25%
... Du Tombeau Absalom
24%
... le Masque de Fer Duval
24%
Garuda Vinsmoke Judge
24%
... aux Cheveux Gras Coribou
22%
Le Vent de la Montagne Kaku
20%
Le Soldat Fureur Eclair Kyros
20%
Le Taureau-Tueur Fighting Bull
18%
Le Canon Dévastateur Ideo
18%
Le Roi Bagarreur Elizabello II
17%
L'Aventurier Fisher Tiger
17%
Mr 5 Gem
17%
Frères Nyaban Sham
17%
Miss Doublefinger Zala
17%
L'Araignée Tourbillon Squard
16%
Frères Nyaban Bucchi
15%
L'Assassin Daz Bonez
15%
Le Roi du Repêchage Masira
15%
Berserker ... Wiper
15%
Mr 8 Igaram
14%
... le Débordant Sasaki
14%
Le Roi du Sonar Shôjô
14%
Héritier du Démon Douglas Bullet
13%
... la Goutelette Who's-Who
13%
Miss Valentine Mikita
12%
... des Cimes Pedro
12%
La Sorcière des Glaces Whitey Bay
12%
Miss Merry Christmas Drophy
11%
L'Eleveur du Ciel Ohm
11%
... de la Forêt Satori
11%
Coupeur de Navires T-Bone
11%
La Drille Don Chinjao
10%
Boss du Ciel Gedatsu
10%
L'Amoureuse Laura
10%
Sky Ride Shura
10%
Mr 4 Babe
9%
Le Pirate Mercenaire Hajrudin
9%
Miss Goldenweek Marianne
9%
Le Dirigeant Orlumbus
9%
Big Knife Sarquiss
9%
Le Chevalier Gourmet Streussen
9%
Le Trancheur de Requin Bastille
8%
Seigneur du Tonnerre Mc Guy
8%
Incarnation de l'Amour Otohime
8%
Ricky Riku Doldo III
8%
Le Briseur de Nuques Suleiman
8%
Le Buffle d'Eau Atmos
7%
Le Scribe Charlotte Mont d'Or
7%
... au Bras Noir Zephyr
7%
La Femme Démoniaque Charlotte Amande
6%
Le Chevalier Bohème Doma
6%
Le Silencieux Fukuro
6%
La Belette des Mers Nero
6%
L'Exécuteur Roshio
6%
... le Tricéphale Baskerville
5%
Sorcière de la Montagne Caramel
5%
Daddy le Père Daddy Masterson
5%
Le Missionnaire Gambia
5%
... du Vent Jigoro
5%
... le Lion Kumadori
5%
Le Roi du Tacle Pickles
5%
Monster Gun Vito
5%
A la Main de Crabe Gyro
4%
Le Traqueur Maynard
4%
Gardien de Cieux Nola
4%
Calico Yorki
4%
Gashed ... Albion
3%
Le Radin Bobbin
3%
Le Bandit Jean Ango
3%
... Service ... Lip Service Doughty
3%
Barbemont Yarle
3%
Barbecade Yorle
3%
Le Pyromane Damask
2%
God of Fortune Du Feld
2%
... le Boxeur Jerry
2%
Crane Rider Randolph
2%
Homme de Fer Scotch
2%
Le Courant Marin Umit
2%
Fighting Lion Agyou
1%
... la Flamboyante Carmen
1%
Le Maître de la Dissimulation Giberson
1%
... la Gloutonne Lily Enstomach
1%
Le Sorcier Mummy
1%
Full-Power Sicilian
1%
Aucun quiz correspondant
Distribution des résultats
% des personnes avec chaque résultat
Percentile par nombre de réponses
Votre historique - résultats
Vous n’avez pas pris ce quiz